1301 1978 1596 1414 1958 1134 1618 1827 1842 1340 1114 1350 1199 1800 1279 1448 1452 1605 1607 1358 1175 1811 1634 1726 1322 1991 1666 1395 1533 1633 1441 1392 1506 1943 1016 1677 1793 1985 1125 1902 1776 1884 1233 1306 1473 1578 1019 1809 1967 1638 1051 1174 1802 1270 1869 1373 1062 1085 1535 1061 1330 1923 1609 1875 1482 1559 1827 1376 1892 1555 1818 1403 1185 1175 1880 1728 1877 1560 1382 1061 1948 1396 1352 1403 1419 1003 1887 1116 1896 1793 1529 1986 1171 1891 1981 1417 1572 1702 1586 BCNSPRNW ULIB Ver.6.0+V

เปลี่ยนเป็นภาษาไทย

Change to English
 แสดงรายละเอียดบรรณานุกรม
  กลับหน้าหลัก

Brief Record : Get Marc (ISO 2709) : E-mail record : QR code < ปิดหน้าต่าง
LEADER : 00000nam 2200000uu 4500
001    13399111318
003     ULIB
008    110622s||||||||th 000 0 tha d
020    9741322275
050 04 BF721^bอ429จ 2546
100 0  อลิสา วัชรสินธุ
245 10 จิตเวชเด็ก /^cอลิสา วัชรสินธุ
260    กรุงเทพฯ :^bแห่งจุฬาลงกรณ์มหาวิทยาลัย,^c2546
300    [15], 250 หน้า ;^c21 ซม.
650  7 จิตเวชศาสตร์เด็ก
650  7 จิตเวชเด็ก^xในวัยทารกและวัยเด็ก
710  2 จุฬาลงกรณ์มหาวิทยาลัย
945    ^p120^l0^i019900
945    ^p120^l0^i019901
995    ทศพร
999 ^a ใช้งานได้ทุกระบบ
รายการนี้ยังไม่มีแท็ก
คุณยังไม่ได้ล็อกอิน คุณสามารถมีกิจกรรมร่วมกับเว็บไซต์ได้ แต่ต้องล็อกอินก่อน ::
  ล็อกอิน

รายการสื่อสารสนเทศ

ลำดับที่ ประเภท เลขเรียก/บาร์โค้ด สถานที่ สถานะ
- ไม่พบข้อมูล -

รายการใกล้เคียง
    ผู้แต่ง [อลิสา วัชรสินธุ]

    หัวเรื่อง [จิตเวชศาสตร์เด็ก]

BibComment


ยังไม่เคยถูกคอมเมนท์

คอมเมนท์ทรัพยากรรายการนี้
  คอมเมนท์: จิตเวชเด็ก อลิสา..


 Copyright 2026. Bcnsprnw @Library